00860nam a2200181 i 4500001000700000003000900007005001700016008004100033100003600074245005400110260007200164300003100236500017700267650004700444852004100491999001900532952012700551182942ES-MaACL20230906221741.0131217s1762 fr |||| | fre d0 aLa Lande, Jérôme de.96916210aArt de faire le parchemin / cpar M. de La Lande. a[Paris] : bDe l'Imprimerie de H.L. Guerin & L.F. Delatour, c1762. a52 p., 2 lám. ; c44 cm. aPertenece a: "Descriptions des arts et mètiers faites ou approuvées par ... l'Académie Royale des Sciences". Paris: chez Desaint & Saillant, 1761-1789 (Brunet, 10217) 4aCurtido-vObras anteriores a 1800.9154022 aES-MaACLjR-64(3) xOlim: C-10827-70 c182942d182942 001040708LIBXVIIIaATENEOMbATENEOMcDEPOd2013-12-17eSCl0oR-64(3)p1192272r2023-02-23 00:00:00w2023-02-23yMONANT